MARC

LEADER 00000nam0a2200000 4500
001 279777
005 20231101235237.0
020 |a RU  |b 86-63544 
035 |a (RuTPU)RU\TPU\book\303082 
090 |a 279777 
100 |a 20141223d1986 km y0rusy5003 ca 
101 0 |a rus 
102 |a RU 
105 |a a z 001zy 
200 1 |a Проблема целостности высших таксонов. Точка зрения палеонтолога  |f В. В. Черных  |g Академия наук СССР (АН СССР), Уральское отделение (УрО), Институт геологии и геохимии им. А. Н. Заварицкого (ИГГ) ; под ред. С. В. Майена 
210 |a Москва  |c Наука  |d 1986 
215 |a 143 с.  |c граф. 
320 |a Библиогр.: с. 138-141 
606 1 |a Палеонтология  |2 stltpush  |3 (RuTPU)RU\TPU\subj\47998  |9 66880 
610 1 |a видообразование 
610 1 |a эволюция 
610 1 |a таксоны 
610 1 |a целостность 
610 1 |a концепции 
610 1 |a родственные виды 
610 1 |a определение 
675 |a 56  |z rus  |v 4 
700 1 |a Черных  |b В. В.  |g Валерий Владимирович  |4 070 
702 1 |a Майен  |b С. В.  |4 340 
712 0 2 |a Академия наук СССР (АН СССР)  |b Уральское отделение (УрО)  |b Институт геологии и геохимии им. А. Н. Заварицкого (ИГГ)  |c (Свердловск)  |2 stltpush  |3 (RuTPU)RU\TPU\col\13583 
801 0 |a RU  |b RuMRKP  |c 19950704  |g psbo 
801 1 |a RU  |b 63413507  |c 20141223 
801 2 |a RU  |b 63413507  |c 20180202  |g RCR 
942 |c BK